| 000 | 00426 a2200157 4500 | ||
|---|---|---|---|
| 999 |
_c11367 _d11367 |
||
| 003 | OSt | ||
| 005 | 20230321154440.0 | ||
| 008 | 230309b ||||| |||| 00| 0 eng d | ||
| 020 | _a978-9352777518 | ||
| 082 |
_a726.8095456 _bSAF |
||
| 100 | _aRana Safvi | ||
| 245 | _aThe forgotten cities of delhi: book two in the where stones speak trilogy | ||
| 260 |
_bHarperCollins India _c2018 _aIndia |
||
| 300 | _a322p;. | ||
| 942 | _2ddc | ||